[Event "1st Welsh Masters 2019"]
[Site "Bridgend"]
[Date "2019.08.26"]
[Round "2.4"]
[White "James, Dai"]
[Black "Waddington, Mike P"]
[Result "0-1"]
[WhiteElo "1858"]
[BlackElo "2023"]
[Annotator "NA"]
[PlyCount "84"]
[EventDate "2019.08.26"]
[EventType "tourn"]
[EventCountry "WLS"]
[SourceTitle "playchess.com"]
[Source "ChessBase"]
[SourceQuality "1"]
[TimeControl "5400+30"]

1. e4 {[%emt 0:00:00]} c5 {[%emt 0:00:00]} 2. Nc3 {[%emt 0:00:09]} Nc6 {[%emt 0:00:03]} 3. Nge2 {[%emt 0:00:24]} d6 {[%emt 0:01:19]} 4. g3 {[%emt 0:00:33]} g6 {[%emt 0:00:31]} 5. Bg2 {[%emt 0:00:14]} Bg7 {[%emt 0:00:20]} 6. O-O {[%emt 0:00:30]} e6 {[%emt 0:00:10]} 7. f4 {[%emt 0:01:11]} Nge7 {[%emt 0:00:14]} 8. d3 {[%emt 0:01:06]} O-O {[%emt 0:00:22]} 9. g4 {[%emt 0:03:33]} f5 {[%emt 0:02:55]} 10. h3 {[%emt 0:04:59]} Rb8 {[%emt 0:01:30]} 11. a4 {[%emt 0:01:48]} a6 {[%emt 0:00:58]} 12. Ng3 {[%emt 0:02:31]} Nd4 {[%emt 0:00:38]} 13. Nce2 {[%emt 0:02:34]} b6 {[%emt 0:22:59]} 14. c3 {[%emt 0:04:05]} Ndc6 {[%emt 0:03:22]} 15. Be3 {[%emt 0:03:27]} d5 {[%emt 0:08:43]} 16. Bd2 {[%emt 0:32:52]} Bb7 {[%emt 0:05:55]} 17. Qc2 {[%emt 0:03:01]} Qd7 {[%emt 0:01:03]} 18. b3 {[%emt 0:03:58]} Rbd8 {[%emt 0:02:48]} 19. e5 {[%emt 0:00:34]} d4 {[%emt 0:01:31]} 20. c4 {[%emt 0:01:27]} h6 {[%emt 0:07:07]} 21. Rae1 {[%emt 0:06:46]} Qc7 {[%emt 0:02:42]} 22. gxf5 {[%emt 0:00:46]} Nxf5 {[%emt 0:01:26]} 23. Nxf5 {[%emt 0:00:22]} exf5 {[%emt 0:01:15]} 24. Ng3 {[%emt 0:01:35]} Kh7 {[%emt 0:04:06]} 25. Qd1 {[%emt 0:03:22]} Qe7 {[%emt 0:00:44]} 26. Re2 {[%emt 0:02:19]} Rb8 {[%emt 0:02:52]} 27. Qe1 {[%emt 0:00:21]} Nd8 {[%emt 0:01:52]} 28. b4 {[%emt 0:02:35]} Ne6 {[%emt 0:00:42]} 29. Qb1 {[%emt 0:07:12]} Rfc8 {[%emt 0:05:36]} 30. Kh2 {[%emt 0:00:51]} Bf8 {[%emt 0:00:48]} 31. b5 {[%emt 0:01:08]} axb5 {[%emt 0:03:40]} 32. cxb5 {[%emt 0:00:15]} Ra8 {[%emt 0:03:14]} 33. Qb3 {[%emt 0:00:05]} c4 {[%emt 0:01:16]} 34. dxc4 {[%emt 0:00:42]} Nc5 {[%emt 0:00:08]} 35. Qb2 {[%emt 0:00:53]} d3 {[%emt 0:00:33]} 36. Re3 {[%emt 0:00:38]} Bxg2 {[%emt 0:00:59]} 37. Kxg2 {[%emt 0:00:10]} Rxa4 {[%emt 0:00:12]} 38. Ra1 {[%emt 0:01:01]} Qb7+ {[%emt 0:01:38]} 39. Kg1 {[%emt 0:00:46]} Rxc4 {[%emt 0:01:37]} 40. Rc1 {[%emt 0:03:26]} Na4 {[%emt 0:02:33]} 41. Qb1 {[%emt 0:00:56]} Rxc1+ {[%emt 0:04:13]} 42. Bxc1 {[%emt 0:00:08]} Rc2 {[%emt 0:01:12]} 0-1

[Event "1st Welsh Masters 2019"]
[Site "Bridgend"]
[Date "2019.08.26"]
[Round "2.5"]
[White "Rudd, Jack"]
[Black "Taylor, Adam C"]
[Result "1-0"]
[WhiteElo "2290"]
[BlackElo "2402"]
[Annotator "TA"]
[PlyCount "87"]
[EventDate "2019.08.26"]
[EventType "tourn"]
[EventCountry "WLS"]
[SourceTitle "playchess.com"]
[Source "ChessBase"]
[SourceQuality "1"]

{[%evp 21,87,28,53,50,122,119,133,133,129,114,172,176,214,79,107,108,108,108,156,156,157,159,147,145,144,106,131,137,139,115,216,214,258,258,258,258,254,237,252,293,359,359,352,345,622,581,580,573,754,716,631,524,510,510,2290,2286,2085,1127,2000,1486,2691,1302,1827,1444,29984,29985,29985,29986]} 1. e4 e5 2. Nf3 Nc6 3. Bb5 Nf6 4. O-O Nxe4 5. d4 Nd6 6. Bxc6 dxc6 7. dxe5 Nf5 8. Qxd8+ Kxd8 9. Nc3 Be6 10. Rd1+ Ke8 11. Ng5 Bc4 12. b3 {C67: Ruy Lopez: Berlin Defence: 4 0-0 Nxe4} Ba6 (12... h6 $14) (12... Bb4 13. bxc4 Bxc3 14. Rb1 b6 15. Bf4 Nd4 16. Kf1 h6 17. Ne4 Ne6 18. Bg3 Bd4 19. f4 Rd8 {½-½ (29) Palac,M (2593)-Nestorovic,N (2462) Skopje 2012}) 13. e6 $16 fxe6 $146 ({Predecessor:} 13... Nd6 14. exf7+ Nxf7 15. Re1+ Be7 16. Bb2 Nxg5 17. Ba3 Kd7 18. Rxe7+ Kc8 19. h4 {1-0 (19) Kuhne,D (2299)-Lonyuk,B (1112) LSS email 2012}) 14. Nxe6 {White is clearly better.} Bd6 15. Ne4 Be5 (15... Kf7 $16) 16. Rb1 $18 Kf7 17. N6c5 (17. N4g5+ $18 {and the rest is easy.} Kf6 18. f4 Bxf4 19. Bxf4) 17... Rad8 {[%cal Rd8d1]} 18. Bg5 Rxd1+ 19. Rxd1 Nd6 {[#]} 20. Nxd6+ $1 Bxd6 21. Nxa6 bxa6 $16 {[%mdl 4096] Endgame KRB-KRB} 22. Be3 c5 23. g3 Rb8 24. Rd5 a5 25. a4 {[%cal Ba2a4,Ba4a5,Ba5a6,Ba6a7][%mdl 32]} ({Weaker is} 25. Bxc5 Rb5 $15) 25... c4 (25... Ke6 $16 26. Rg5 c4) 26. bxc4 $18 Rb4 27. Rxa5 Rxc4 28. Rxa7 Rxc2 29. a5 Rc6 30. a6 Bc5 31. Bxc5 Rxc5 {KR-KR} 32. Rb7 Kg6 $2 {[#]} (32... h6 33. a7 Ra5 34. Rxc7+ Kf6) 33. a7 Ra5 34. Rxc7 h5 35. h4 Ra2 36. Kf1 Kf6 37. Ke1 g5 (37... g6 $142 38. Kd1 Ke6) 38. hxg5+ Kxg5 39. Kd1 Kg4 40. Rf7 Kh3 41. Kc1 (41. Rg7 $142 h4 42. gxh4 Kxh4 43. f4) 41... Kg2 42. Kb1 Rxa7 43. Rxa7 Kxf2 44. Rg7 {Accuracy: White = 74%, Black = 18%.} 1-0

[Event "1st Welsh Masters 2019"]
[Site "Bridgend"]
[Date "2019.08.26"]
[Round "2.5"]
[White "Van Zyl-Rudd, Jack"]
[Black "Taylor, Adam C"]
[Result "1-0"]
[WhiteElo "2290"]
[BlackElo "2402"]
[Annotator "NA"]
[PlyCount "87"]
[EventDate "2019.08.26"]
[EventType "tourn"]
[EventCountry "WLS"]
[SourceTitle "playchess.com"]
[Source "ChessBase"]
[SourceQuality "1"]
[TimeControl "5400+30"]

1. e4 {[%emt 0:00:00]} e5 {[%emt 0:00:00]} 2. Nf3 {[%emt 0:00:00]} Nc6 {[%emt 0:00:00]} 3. Bb5 {[%emt 0:00:00]} Nf6 {[%emt 0:00:47]} 4. O-O {[%emt 0:00:00]} Nxe4 {[%emt 0:00:28]} 5. d4 {[%emt 0:00:00]} Nd6 {[%emt 0:00:27]} 6. Bxc6 {[%emt 0:00:00]} dxc6 {[%emt 0:00:06]} 7. dxe5 {[%emt 0:00:06]} Nf5 {[%emt 0:00:09]} 8. Qxd8+ {[%emt 0:00:06]} Kxd8 {[%emt 0:00:06]} 9. Nc3 {[%emt 0:00:06]} Be6 {[%emt 0:01:08]} 10. Rd1+ {[%emt 0:02:13]} Ke8 {[%emt 0:00:15]} 11. Ng5 {[%emt 0:00:54]} Bc4 {[%emt 0:13:19]} 12. b3 {[%emt 0:00:25]} Ba6 {[%emt 0:00:06]} 13. e6 {[%emt 0:02:28]} fxe6 {[%emt 0:00:07]} 14. Nxe6 {[%emt 0:00:08]} Bd6 {[%emt 0:00:11]} 15. Ne4 {[%emt 0:01:06]} Be5 {[%emt 0:30:03]} 16. Rb1 {[%emt 0:00:19]} Kf7 {[%emt 0:00:07]} 17. N6c5 {[%emt 0:01:04]} Rad8 {[%emt 0:04:22]} 18. Bg5 {[%emt 0:00:51]} Rxd1+ {[%emt 0:03:37]} 19. Rxd1 {[%emt 0:00:39]} Nd6 {[%emt 0:00:21]} 20. Nxd6+ {[%emt 0:00:45]} Bxd6 {[%emt 0:00:59]} 21. Nxa6 {[%emt 0:00:27]} bxa6 {[%emt 0:00:02]} 22. Be3 {[%emt 0:00:14]} c5 {[%emt 0:08:55]} 23. g3 {[%emt 0:00:57]} Rb8 {[%emt 0:04:33]} 24. Rd5 {[%emt 0:01:25]} a5 {[%emt 0:14:26]} 25. a4 {[%emt 0:05:50]} c4 {[%emt 0:00:16]} 26. bxc4 {[%emt 0:00:06]} Rb4 {[%emt 0:00:33]} 27. Rxa5 {[%emt 0:00:06]} Rxc4 {[%emt 0:00:11]} 28. Rxa7 {[%emt 0:00:07]} Rxc2 {[%emt 0:02:51]} 29. a5 {[%emt 0:00:26]} Rc6 {[%emt 0:12:42]} 30. a6 {[%emt 0:00:27]} Bc5 {[%emt 0:00:05]} 31. Bxc5 {[%emt 0:00:08]} Rxc5 {[%emt 0:00:05]} 32. Rb7 {[%emt 0:00:08]} Kg6 {[%emt 0:01:14]} 33. a7 {[%emt 0:00:06]} Ra5 {[%emt 0:00:04]} 34. Rxc7 {[%emt 0:00:07]} h5 {[%emt 0:00:04]} 35. h4 {[%emt 0:00:52]} Ra2 {[%emt 0:00:17]} 36. Kf1 {[%emt 0:00:12]} Kf6 {[%emt 0:00:08]} 37. Ke1 {[%emt 0:00:14]} g5 {[%emt 0:00:26]} 38. hxg5+ {[%emt 0:00:07]} Kxg5 {[%emt 0:00:04]} 39. Kd1 {[%emt 0:00:06]} Kg4 {[%emt 0:04:23]} 40. Rf7 {[%emt 0:00:07]} Kh3 {[%emt 0:01:16]} 41. Kc1 {[%emt 0:00:08]} Kg2 {[%emt 0:00:37]} 42. Kb1 {[%emt 0:00:06]} Rxa7 {[%emt 0:00:36]} 43. Rxa7 {[%emt 0:00:07]} Kxf2 {[%emt 0:00:05]} 44. Rg7 {[%emt 0:00:07]} 1-0

[Event "1st Welsh Masters 2019"]
[Site "Bridgend"]
[Date "2019.08.27"]
[Round "3.1"]
[White "Taylor, Adam C"]
[Black "Turner, Matthew J"]
[Result "1/2-1/2"]
[WhiteElo "2402"]
[BlackElo "2519"]
[Annotator "ChessBase"]
[PlyCount "34"]
[EventDate "2019.08.26"]
[EventType "tourn"]
[EventCountry "WLS"]
[SourceTitle "playchess.com"]
[Source "ChessBase"]
[SourceQuality "1"]
[TimeControl "5400+30"]

1. Nf3 {[%emt 0:00:00]} Nf6 {[%emt 0:00:00]} 2. c4 {[%emt 0:00:00]} c5 {[%emt 0:01:04]} 3. g3 {[%emt 0:01:38]} g6 {[%emt 0:00:28]} 4. Bg2 {[%emt 0:00:38]} Bg7 {[%emt 0:00:05]} 5. Nc3 {[%emt 0:00:10]} Nc6 {[%emt 0:01:02]} 6. O-O {[%emt 0:00:48]} d6 {[%emt 0:02:08]} 7. e3 {[%emt 0:09:07]} O-O {[%emt 0:04:04]} 8. Qe2 {[%emt 0:01:21]} Bf5 {[%emt 0:05:33]} 9. h3 {[%emt 0:10:49]} Rb8 {[%emt 0:03:59]} 10. d4 {[%emt 0:09:06]} Ne4 {[%emt 0:18:17]} 11. Nd5 {[%emt 0:10:25]} Bd7 {[%emt 0:00:41]} 12. Rd1 {[%emt 0:02:05]} Qc8 {[%emt 0:02:35]} 13. Kh2 {[%emt 0:03:23]} Re8 {[%emt 0:00:29]} 14. Ne1 {[%emt 0:07:43]} Nf6 {[%emt 0:01:31]} 15. Nxf6+ {[%emt 0:00:46]} Bxf6 {[%emt 0:00:22]} 16. dxc5 {[%emt 0:01:30]} dxc5 {[%emt 0:00:19]} 17. Nd3 {[%emt 0:00:02]} Ne5 {[%emt 0:55:53]} 1/2-1/2

[Event "1st Welsh Masters 2019"]
[Site "Bridgend"]
[Date "2019.08.27"]
[Round "3.2"]
[White "Waddington, Mike P"]
[Black "Rudd, Jack"]
[Result "0-1"]
[WhiteElo "2023"]
[BlackElo "2281"]
[Annotator "TA"]
[PlyCount "106"]
[EventDate "2019.08.26"]
[EventType "tourn"]
[EventCountry "WLS"]
[SourceTitle "playchess.com"]
[Source "ChessBase"]
[SourceQuality "1"]

{[%evp 15,106,0,8,-14,-8,-25,-27,-30,-22,-27,-24,-25,0,0,10,0,4,-14,-11,-12,-10,-70,-62,-66,-58,-64,-58,-72,-41,-48,-22,-33,-29,-34,-24,-41,-41,-46,-34,-38,-41,-42,-43,-72,-69,-87,-80,-91,-87,-90,-75,-88,-79,-76,-57,-76,-76,-88,-53,-93,0,-54,-58,-51,-61,-74,-62,-92,-100,-95,-67,-87,0,-22,239,-331,-280,-479,-299,-291,-134,-143,-151,-29978,-29979,-29978,-6395,-29987,-29988,-29993,-29994,-29997,-29998]} 1. d4 Nf6 2. Nf3 e6 3. Bg5 c5 4. e3 Nc6 5. c3 b6 6. Nbd2 Bb7 7. Bd3 Be7 8. O-O O-O 9. Qc2 {A47: 1 d4 Nf6 2 Nf3 b6: Torre, London and Colle Systems} (9. a4 cxd4 10. exd4 Nd5 11. Bxe7 Ncxe7 12. Re1 Qc7 13. Bf1 a6 14. Qb3 Rab8 15. Rac1 Nf6 16. Qa3 Ng6 {1-0 (62) Shimanov,A (2664)-Kononenko,D (2608) Pardubice 2013}) 9... h6 10. Bxf6 Bxf6 11. Qd1 $146 {Black has an edge.} ({Predecessor:} 11. Qb3 Rc8 12. dxc5 Na5 13. Qc2 bxc5 14. a3 d5 15. c4 Qb6 16. Rab1 Be7 17. Ne5 Qc7 {0-1 (25) Cioculeasa,A (1249)-Vilcu,M (1681) Calimanesti Caciulata 2016}) 11... d6 12. Qe2 Rc8 13. Rad1 cxd4 14. exd4 Re8 15. Qe4 g6 16. Qe3 Bg7 17. Rfe1 Ne7 {[%cal Bc6e7,Be7d5,Bd5b6,Bb6c4][%mdl 32]} 18. Ne4 (18. Bb5 $11) 18... Nd5 $15 19. Qd2 a6 20. Ng3 b5 21. h3 Nb6 22. Be4 Nc4 23. Qe2 d5 24. Bd3 Qb6 25. Ne5 Nxe5 26. dxe5 b4 27. cxb4 Qxb4 28. a3 Qb6 29. Kh2 a5 30. h4 h5 31. f4 Rc7 32. Nh1 Rb8 33. Nf2 Bc6 34. Rd2 Ba4 35. Rg1 Rcb7 36. Nh3 Bb5 37. g4 hxg4 (37... Bxd3 $1 $17 38. Qxd3 Qd8) 38. Rxg4 (38. Bxb5 $1 $11 gxh3 39. a4) 38... Bxd3 39. Qxd3 Qb3 {...Qxd3 is the strong threat.} 40. Qe2 {[#]} Qxb2 $1 {[%mdl 512]} 41. Rg2 $1 ({But not} 41. Rxb2 $2 Rxb2 42. Rg2 Rxe2 $19) 41... Qxa3 {Hoping for ...Rb3.} 42. h5 Rb3 43. Ng5 Qb4 (43... Bh6 $17 44. hxg6 Bxg5 45. gxf7+ Kf8 46. Rxg5 Rh3+ 47. Kg2 Rh4) 44. Qf2 {Threatens to win with hxg6.} gxh5 $2 {[%mdl 8192]} (44... Qe7 $11 {and Black is okay.}) 45. Nh3 $4 {[%mdl 8192]} (45. Qh4 $18) 45... Kf8 $19 ({Weaker is} 45... Qc3 46. Qh4 $15) 46. Qg1 $2 (46. Rc2 {keeps fighting.} Bh6 47. Qh4 Rxh3+ 48. Kxh3 Qxf4 49. Qxf4 Bxf4 50. Rc5) 46... Qc3 {[%csl Gb3][%cal Rc3h3]} 47. Ng5 {[#]} Bh6 (47... Bxe5 $1 $19 {has better winning chances.} 48. fxe5 Qxe5+ 49. Kh1 Rb1) 48. Rc2 $17 Qb4 $1 {[%cal Rb4f4] [#]} 49. Nh7+ $2 (49. Nxe6+ $1 $17 {[%mdl 512]} Ke8 (49... fxe6 50. Rg8+) 50. Rg8+ Kd7 51. Rc7+ Kxe6 {[#]} 52. Rg6+ $1 {[%mdl 576] Double Attack} Kf5 {[%mdl 64] Double Attack} 53. Rf6+ (53. Rxf7+ Ke4 $15) 53... Ke4 54. Qg2+ Ke3 55. Qg1+ Ke4 56. Qg2+ Ke3 57. Qg1+ Ke4) 49... Ke7 50. Qa7+ Rb7 51. Rc7+ {[#]} Kd8 $1 {Black mates.} 52. Rxb7 Bxf4+ {[%mdl 64] Double Attack} 53. Kh1 Rh3+ {Accuracy: White = 45%, Black = 58%.} 0-1

[Event "1st Welsh Masters 2019"]
[Site "Bridgend"]
[Date "2019.08.27"]
[Round "3.3"]
[White "Varley, Peter"]
[Black "James, Dai"]
[Result "1-0"]
[WhiteElo "2171"]
[BlackElo "1858"]
[Annotator "NA"]
[PlyCount "66"]
[EventDate "2019.08.26"]
[EventType "tourn"]
[EventCountry "WLS"]
[SourceTitle "playchess.com"]
[Source "ChessBase"]
[SourceQuality "1"]
[TimeControl "5400+30"]

1. d4 {[%emt 0:00:00]} Nf6 {[%emt 0:00:58]} 2. c4 {[%emt 0:00:00]} c5 {[%emt 0:00:08]} 3. d5 {[%emt 0:00:00]} e6 {[%emt 0:00:13]} 4. Nc3 {[%emt 0:00:00]} exd5 {[%emt 0:00:06]} 5. cxd5 {[%emt 0:00:03]} d6 {[%emt 0:00:08] Decoy} 6. e4 $14 {[%emt 0:00:13]} g6 {[%emt 0:00:05]} 7. f4 {[%emt 0:00:16]} Bg7 {[%emt 0:01:00]} 8. Bb5+ {[%emt 0:00:09]} Nfd7 {[%emt 0:00:28]} 9. a4 {[%emt 0:00:18]} O-O {[%emt 0:04:55]} 10. Nf3 {[%emt 0:00:20]} Na6 {[%emt 0:09:35]} 11. O-O {[%emt 0:00:45]} Nc7 {[%emt 0:05:18]} 12. Bc4 {[%emt 0:03:49]} b6 {[%emt 0:02:24]} 13. Qd3 {[%emt 0:03:27]} Bb7 {[%emt 0:03:25]} 14. Bd2 {[%emt 0:02:39]} a6 {[%emt 0:04:51]} 15. Rae1 {[%emt 0:01:39]} b5 {[%emt 0:02:55]} 16. axb5 {[%emt 0:00:35]} axb5 {[%emt 0:00:32]} 17. Nxb5 {[%emt 0:00:34]} Nb6 {[%emt 0:02:18]} 18. Nxc7 {[%emt 0:03:02]} Qxc7 {[%emt 0:01:32]} 19. b3 {[%emt 0:00:35]} Rfe8 {[%emt 0:03:40]} 20. Bc3 {[%emt 0:04:16]} Nxc4 {[%emt 0:09:23]} 21. Bxg7 {[%emt 0:00:13]} Kxg7 {[%emt 0:05:41]} 22. bxc4 {[%emt 0:00:31]} f6 {[%emt 0:00:48]} 23. e5 {[%emt 0:04:59]} fxe5 {[%emt 0:05:17]} 24. fxe5 {[%emt 0:00:22]} dxe5 {[%emt 0:00:35]} 25. Ng5 {[%emt 0:00:19]} Kg8 {[%emt 0:06:55]} 26. Rf7 {[%emt 0:03:48]} Re7 {[%emt 0:03:19]} 27. Ref1 {[%emt 0:03:34]} Rxf7 {[%emt 0:05:56]} 28. Rxf7 {[%emt 0:02:43]} Qd8 {[%emt 0:07:54]} 29. Rg7+ {[%emt 0:02:00]} Kh8 {[%emt 0:00:12]} 30. Rxh7+ {[%emt 0:00:14]} Kg8 {[%emt 0:00:06]} 31. Qxg6+ {[%emt 0:00:08]} Kf8 {[%emt 0:00:27]} 32. Qd3 {[%emt 1:04:29]} Kg8 {[%emt 0:14:56]} 33. Rf7 {[%emt 0:00:30]} Qc7 1-0

[Event "1st Welsh Masters 2019"]
[Site "Bridgend"]
[Date "2019.08.27"]
[Round "3.4"]
[White "Arkell, Keith C"]
[Black "Toczek, Grzegorz"]
[Result "1-0"]
[WhiteElo "2445"]
[BlackElo "2246"]
[Annotator "NA RC"]
[PlyCount "135"]
[EventDate "2019.08.26"]
[EventType "tourn"]
[EventCountry "WLS"]
[SourceTitle "playchess.com"]
[Source "ChessBase"]
[SourceQuality "1"]
[TimeControl "5400+30"]

1. Nf3 {[%emt 0:01:07]} c5 {[%emt 0:00:00]} 2. c4 {[%emt 0:00:11]} g6 {[%emt 0:02:41]} 3. Nc3 {[%emt 0:00:06]} Bg7 {[%emt 0:00:14]} 4. g3 {[%emt 0:00:48]} Nc6 {[%emt 0:00:04]} 5. Bg2 {[%emt 0:00:12]} Nh6 {[%emt 0:02:36]} 6. a3 {[%emt 0:04:11]} O-O {[%emt 0:04:22]} 7. Rb1 {[%emt 0:00:06]} a5 {[%emt 0:00:03]} 8. O-O {[%emt 0:00:46]} Nf5 {[%emt 0:00:16]} 9. d3 {[%emt 0:00:14]} d6 {[%emt 0:04:04]} 10. Bd2 {[%emt 0:00:33] A37: Symmetrical English vs ...g6: 4 Bg2 Bg7 5 Nf3} e6 {[%emt 0:04:24]} (10... Bd7 11. Ne1 Nfd4 12. e3 Ne6 13. Nc2 a4 14. Nd5 Na5 15. Bc3 b5 16. Bxg7 Kxg7 17. cxb5 Bxb5 18. f4 Ra6 {1-0 (39) Wang,Y (2734)-Shanava,K (2560) Nakhchivan 2011}) 11. Ne1 {[%emt 0:05:48]} Nfe7 {[%emt 0:00:16]} 12. Nb5 $146 {[%emt 0:10:14]} ({Predecessor:} 12. Nc2 d5 13. cxd5 exd5 14. b4 cxb4 15. axb4 axb4 16. Nxb4 Nxb4 17. Rxb4 {0-1 (33) Macko,M (2181)-Nagy,G (2472) Slovakia 2018}) 12... Qd7 {[%emt 0:11:23]} 13. Bc3 {[%emt 0:02:04]} Rd8 {[%emt 0:19:38]} 14. Bxg7 {[%emt 0:00:24]} Kxg7 {[%emt 0:00:01]} 15. Nf3 {[%emt 0:06:14]} b6 {[%emt 0:00:34]} 16. d4 {[%emt 0:01:30]} Ba6 {[%emt 0:02:22]} 17. a4 {[%emt 0:00:06]} Nb4 {[%emt 0:04:34]} 18. Qd2 {[%emt 0:00:36]} Rac8 {[%emt 0:03:25]} 19. Rfd1 {[%emt 0:00:34]} Bxb5 {[%emt 0:01:10]} 20. axb5 {[%emt 0:00:37]} Qc7 {[%emt 0:01:15]} 21. b3 {[%emt 0:01:53]} Kg8 {[%emt 0:03:23]} 22. e4 {[%emt 0:01:45]} cxd4 {[%emt 0:03:58]} 23. Qh6 {[%emt 0:01:26]} f6 {[%emt 0:01:47]} 24. Nxd4 {[%emt 0:05:29]} Qd7 {[%emt 0:00:04]} 25. Bh3 {[%emt 0:01:36]} f5 {[%emt 0:00:01]} 26. Nf3 {[%emt 0:07:48]} Kh8 {[%emt 0:05:33]} 27. Rd3 {[%emt 0:47:12]} d5 28. Rxd5 {[%emt 0:00:00]} Ng8 {[%emt 0:00:34]} 29. Rxd7 {[%emt 0:00:00]} Nxh6 {[%emt 0:00:10]} 30. Rb7 {[%emt 0:00:00]} Rb8 {[%emt 0:01:23]} 31. Rxb8 {[%emt 0:00:00]} Rxb8 {[%emt 0:00:01]} 32. Rd1 {[%emt 0:00:00]} Nf7 {[%emt 0:00:04]} 33. Rd7 {[%emt 0:00:00]} Kg8 {[%emt 0:00:01]} 34. exf5 {[%emt 0:00:00]} exf5 {[%emt 0:00:34]} 35. g4 {[%emt 0:00:00]} fxg4 {[%emt 0:00:41]} 36. Bxg4 {[%emt 0:00:00]} Rd8 {[%emt 0:00:03]} 37. Rb7 {[%emt 0:00:00]} Rd6 {[%emt 0:00:05]} 38. Bd7 {[%emt 0:00:00]} Nd8 {[%emt 0:00:56]} 39. Rc7 {[%emt 0:00:00]} Nd3 {[%emt 0:00:18]} 40. Bc6 {[%emt 0:00:00]} Nf4 {[%emt 0:27:02]} 41. h4 {[%emt 0:00:00]} Nfe6 {[%emt 0:00:00]} 42. Rc8 {[%emt 0:00:00]} Kg7 {[%emt 0:00:00]} 43. Ng5 {[%emt 0:00:00]} Nc5 {[%emt 0:00:00]} 44. Bd5 {[%emt 0:00:00]} h6 {[%emt 0:00:00] [#]} 45. Ne4 {[%emt 0:00:00]} (45. Rxc5 $1 $18 {is the precise move to win.} bxc5 46. Ne4 {[%mdl 64] Double Attack}) 45... Nxe4 {[%emt 0:00:00]} 46. Bxe4 {[%emt 0:00:00]} Kf6 {[%emt 0:00:00]} (46... Ne6 $16 {was worth a try.}) 47. c5 {[%emt 0:00:00]} bxc5 {[%emt 0:00:00]} 48. b6 $1 {[%emt 0:00:00]} ({Don't take} 48. Rxc5 $6 Ne6 $14) 48... Rxb6 {[%emt 0:00:00]} 49. Rxd8 {[%emt 0:00:00]} Rxb3 {[%emt 0:00:00]} 50. Ra8 {[%emt 0:00:00]} Rb4 {[%emt 0:00:00]} 51. f3 {[%emt 0:00:00]} a4 {[%emt 0:00:00]} 52. Kf2 {[%emt 0:00:00]} Ke5 {[%emt 0:00:00]} 53. Bxg6 {[%emt 0:00:08]} Rxh4 {[%emt 0:00:00]} 54. Be4 {[%emt 0:00:12]} Kd4 {[%emt 0:00:00]} 55. Rxa4+ {[%emt 0:00:06]} c4 {[%emt 0:00:00]} 56. Bh7 {[%emt 0:01:40]} Rf4 $18 {[%emt 0:00:00]} 57. Ra6 {[%emt 0:04:03]} Rh4 {[%emt 0:00:00]} 58. Rd6+ {[%emt 0:00:41]} Kc3 {[%emt 0:00:00]} 59. Rd1 {[%emt 0:00:37]} Rd4 {[%emt 0:00:00]} 60. Rh1 {[%emt 0:00:10]} Rd6 {[%emt 0:00:00]} 61. Ke3 {[%emt 0:00:14]} Kb2 {[%emt 0:00:00]} 62. Rb1+ {[%emt 0:00:17]} Ka2 {[%emt 0:00:00]} 63. Rb7 {[%emt 0:00:42]} c3 {[%emt 0:00:00]} 64. Bb1+ {[%emt 0:01:27]} Ka1 {[%emt 0:00:00]} 65. Be4 {[%emt 0:00:53]} h5 {[%emt 0:00:29]} 66. Rh7 {[%emt 0:00:42]} Rc6 {[%emt 0:01:28]} 67. Ra7+ {[%emt 0:01:36]} Kb2 {[%emt 0:00:07]} 68. Rb7+ {[%emt 0:00:04]} 1-0

[Event "1st Welsh Masters 2019"]
[Site "Bridgend"]
[Date "2019.08.27"]
[Round "3.5"]
[White "Kett, Tim"]
[Black "Willow, Jonah B"]
[Result "0-1"]
[WhiteElo "2245"]
[BlackElo "2326"]
[Annotator "TA"]
[PlyCount "56"]
[EventDate "2019.08.26"]
[EventType "tourn"]
[EventCountry "WLS"]
[SourceTitle "playchess.com"]
[Source "ChessBase"]
[SourceQuality "1"]

{[%evp 9,56,0,6,-89,0,-23,13,-24,43,46,44,51,178,158,162,167,406,99,103,78,65,58,68,65,100,37,37,34,41,34,64,34,42,28,68,-40,-48,-47,-14,-46,-52,-385,-389,-568,-534,-541,-517,-500,-489]} 1. d4 Nf6 2. Nc3 c5 3. d5 d6 4. e4 (4. h3 g6 5. Nf3 Bg7 6. e4 O-O 7. Bd3 e6 8. O-O exd5 9. exd5 Na6 10. a3 Nc7 11. Bc4 Rb8 12. a4 b6 13. Bg5 h6 14. Bh4 g5 15. Bg3 {0-1 (40) Le Roux,J (2560)-Iturrizaga Bonelli,E (2665) London 2017}) 4... a6 5. Bg5 b5 {[%cal Bb7b5,Bb5b4][%mdl 32]} 6. f4 $146 {A43: Schmid Benoni} (6. a3 $11 {keeps the balance.}) ({Predecessor:} 6. Bxf6 exf6 7. f3 g6 8. Qd2 Bg7 9. h4 O-O 10. g4 b4 11. Nd1 f5 12. gxf5 gxf5 {0-1 (31) Georgieva,E (1907)-Meskovs,N (2243) Caleta 2011}) 6... Nbd7 (6... b4 $17 7. Bxf6 gxf6) 7. Qe2 b4 8. Na4 {The position is equal.} a5 (8... h6 $11 9. Bh4 g5 $1 {[%mdl 512]} 10. fxg5 hxg5 11. Bxg5 Nh5) 9. Nf3 $14 h6 10. Bxf6 Nxf6 {[#]} (10... exf6 $14 11. Qe3 Rb8) 11. O-O-O $1 $18 g6 {[#]} 12. e5 $1 {[%cal Re5f6]} Nh5 $2 (12... Bg7 {was necessary.}) 13. e6 $2 (13. Qb5+ $18 {is the precise move to win.} Bd7 14. e6) 13... Bg7 $16 14. Qb5+ Kf8 15. Qc4 Nf6 16. Nh4 Rg8 17. exf7 (17. g3 $16) 17... Kxf7 $14 18. Bd3 Bh8 19. Rhe1 Qc7 {With the idea ...Ba6.} 20. f5 {[%cal Rf5g6]} g5 $1 {Strongly threatening ...Ba6.} 21. Ng6 Re8 $1 22. Qb5 ({White should try} 22. Qb3 $1 $14) 22... Bd7 $15 23. Qb6 Qc8 (23... Qb8 $5 {[%cal Rd7a4]} 24. Nxh8+ Rxh8 $15) 24. Bb5 (24. Rxe7+ $5 Rxe7 25. Qxd6 $11) 24... Rb8 $36 {[%mdl 2048] Black is more active.} 25. Nxh8+ $2 {[%mdl 8192]} (25. Bxd7 $15 Qxd7 26. Qc6) 25... Rxh8 $19 26. Rxe7+ (26. Bxd7 $142 Qxd7 {[%mdl 64] Double Attack} 27. Qxa5) 26... Kxe7 {Black is clearly winning.} 27. Re1+ Kf7 28. Qxd6 {Intending Re7+ and mate.} Qf8 {Accuracy: White = 22%, Black = 45%.} 0-1